Statistiken für Größte deutsche Städte A-Z

Klicken Sie hier um das Quiz zu spielen!

Allgemein

  • Dieses Quiz wurde 7.880 mal gespielt
  • Das Durchschnittsergebnis liegt bei 20 aus 25

Antwortstatistiken

BevölkerungBundeslandStadt% Korrekt
M1.450.381BayernMünchen
99%
B3.520.031--Berlin
98%
D612.179NRWDüsseldorf
97%
H1.787.408--Hamburg
97%
K1.060.582NRWKöln
97%
F732.688HessenFrankfurt/Main
96%
N509.975BayernNürnberg
95%
S623.738Baden-WürttembergStuttgart
94%
E582.624NRWEssen
94%
L560.472SachsenLeipzig
91%
P167.745BrandenburgPotsdam
89%
A286.374BayernAugsburg
89%
C248.645SachsenChemnitz
87%
J109.527ThüringenJena
85%
I132.438BayernIngolstadt
81%
R206.011Mecklenburg-VorpommernRostock
80%
U122.636Baden-WürttembergUlm
77%
G260.368NRWGelsenkirchen
66%
T114.914Rheinland-PfalzTrier
64%
W350.046NRWWuppertal
62%
X21.510NRWXanten
61%
Z91.123SachsenZwickau
60%
O210.934NRWOberhausen
51%
Q24.555Sachsen-AnhaltQuedlinburg
42%
V84.674Baden-WürttembergVillingen-Schwenningen
38%

Verteilung der Resultate

Perzentil nach korrekt beantworteten Fragen

Anzahl Personen mit jedem Resultat

Ihre Resultats-Entwicklung

Sie haben dieses Quiz noch nicht gespielt